Most expensive football transfers - 2021-2022 Season - Statistics

General Stats
  • This quiz has been taken 34 times
  • The average score is 9 of 10
Answer Stats
Fee (M €) Nationality Left Joined Player % Correct
117,50 England Aston Villa Manchester City Jack Grealish
100%
85,00 England Borussia Dortmund Manchester United Jadon Sancho
100%
113,00 Belgium Inter Chelsea Romelu Lukaku
100%
68,00 Morocco Inter Paris SG Achraf Hakimi
90%
47,00 Colombia FC Porto Liverpool Luis Díaz
90%
55,00 Spain Manchester City Barcelona Ferran Torres
87%
56,50 England Brighton Arsenal Ben White
80%
42,10 Brazil Olympique Lione Newcastle Bruno Guimarães
80%
42,50 France RB Leipzig Bayern Munich Dayot Upamecano
80%
83,50 Serbia Fiorentina Juventus Dušan Vlahović
80%
No matching quizzes found
Score Distribution
Percent of People with Each Score
Percentile by Number Answered
Your Score History
You have not taken this quiz